IMF approves billion-dolar credit for Russian federation.

Výkonný výbor Medzinárodného menového fondu schválil poskytnutie úveru vo výške miliardy dolárov Ruskej federácii ako prvej časti päťetapového programu pomoci zo strany MMF. Program vychádzajúci z Memoranda smerov hospodárskej politiky a predložený v marci 1992, je zameraný na inflačné tlaky do konc...

ver descrição completa

Na minha lista:
Detalhes bibliográficos
Formato: Capítulo de Livro
Idioma:inglês
Assuntos:
Tags: Adicionar Tag
Sem tags, seja o primeiro a adicionar uma tag!

MARC

LEADER 00000naa a2200000 4500
001 r011081
005 20220913122333.8
041 0 |a eng 
044 |a US 
245 1 0 |a IMF approves billion-dolar credit for Russian federation. 
520 |a Výkonný výbor Medzinárodného menového fondu schválil poskytnutie úveru vo výške miliardy dolárov Ruskej federácii ako prvej časti päťetapového programu pomoci zo strany MMF. Program vychádzajúci z Memoranda smerov hospodárskej politiky a predložený v marci 1992, je zameraný na inflačné tlaky do konca roka a na posilnenie štruktúrnych reforiem. Výpočet hlavných úloh programu. 
610 2 0 |a Medzinárodný menový fond 
610 2 0 |a úver medzinárodný 
610 2 0 |a Rusko 
610 2 0 |a 1992 
610 2 0 |a pomoc finančná 
610 2 0 |a inflácia 
610 2 0 |a zmeny štruktúrne